[Event "Brno Trade op"]
[Site "Brno"]
[Date "2021.09.05"]
[Round "9"]
[White "Vaculik, Martin"]
[Black "Marsa, Alexandr"]
[Result "1-0"]
[WhiteElo "1862"]
[BlackElo "1863"]
[PlyCount "61"]
[EventDate "2021.08.29"]
[EventType "swiss"]
[EventRounds "9"]
[EventCountry "CZE"]
[SourceTitle "CBM 204 Extra"]
[Source "ChessBase"]
[SourceDate "2021.11.30"]
[SourceVersion "1"]
[SourceVersionDate "2021.11.30"]
[SourceQuality "1"]

1. c4 e6 2. g3 d5 3. Bg2 dxc4 4. Qa4+ Bd7 5. Qxc4 Nc6 6. d4 Rc8 7. Bd2 b5 8. Qd3 Nb4 9. Bxb4 Bxb4+ 10. Nd2 c5 11. a3 Bxd2+ 12. Qxd2 Nf6 13. Nh3 0-0 14. 0-0 Bc6 15. Bxc6 Rxc6 16. Rac1 Qd7 17. Rfd1 c4 18. Ng5 Rd8 19. Nf3 Rd6 20. Qc2 Qb7 21. Re1 Qe4 22. a4 Qxc2 23. Rxc2 a6 24. Ra1 Nd5 25. axb5 axb5 26. Rcc1 Nb4 27. Ra5 Rb6 28. Ra7 f6 29. Rca1 Nc6 30. Rc7 Kf8 31. e3 1-0

[Event "Brno Trade op"]
[Site "Brno"]
[Date "2021.09.03"]
[Round "7"]
[White "Kuchar, Matej"]
[Black "Vaculik, Martin"]
[Result "0-1"]
[WhiteElo "1998"]
[BlackElo "1862"]
[PlyCount "60"]
[EventDate "2021.08.29"]
[EventType "swiss"]
[EventRounds "9"]
[EventCountry "CZE"]
[SourceTitle "CBM 204 Extra"]
[Source "ChessBase"]
[SourceDate "2021.11.30"]
[SourceVersion "1"]
[SourceVersionDate "2021.11.30"]
[SourceQuality "1"]

1. e4 c5 2. Nf3 d6 3. d4 cxd4 4. Nxd4 Nf6 5. Nc3 g6 6. Be3 Bg7 7. f3 Nc6 8. Qd2 0-0 9. 0-0-0 d5 10. Kb1 Nxd4 11. e5 Nf5 12. exf6 exf6 13. Bc5 d4 14. Bxf8 Qxf8 15. Nd5 Qc5 16. c4 Be6 17. g4 Bxd5 18. cxd5 Ne3 19. Rc1 Qxd5 20. Be2 a6 21. Rc7 Bh6 22. Rhc1 Nxg4 23. f4 Ne3 24. Bd3 Bxf4 25. Rc8+ Rxc8 26. Rxc8+ Kg7 27. a3 Qb3 28. Qe2 Nd1 29. Qc2 Qe6 30. Rd8 Nc3+ 0-1

[Event "Brno Trade op"]
[Site "Brno"]
[Date "2021.08.29"]
[Round "1"]
[White "Vaculik, Martin"]
[Black "Soucek, Andrej"]
[Result "1-0"]
[WhiteElo "1862"]
[BlackElo "1318"]
[PlyCount "59"]
[EventDate "2021.08.29"]
[EventType "swiss"]
[EventRounds "9"]
[EventCountry "CZE"]
[SourceTitle "CBM 204 Extra"]
[Source "ChessBase"]
[SourceDate "2021.11.30"]
[SourceVersion "1"]
[SourceVersionDate "2021.11.30"]
[SourceQuality "1"]

1. d4 Nf6 2. c4 g6 3. f3 d5 4. cxd5 Nxd5 5. e4 Nf6 6. Be3 Bg7 7. Nc3 0-0 8. Bc4 c6 9. Qd2 b5 10. Bb3 a5 11. a3 Nbd7 12. e5 Ne8 13. f4 e6 14. Nf3 Nb6 15. 0-0 Nc7 16. Rac1 Bb7 17. Ne4 Ne8 18. Nc5 Qe7 19. d5 Nxd5 20. Bxd5 exd5 21. Nxb7 Qxb7 22. Bc5 Nc7 23. Bxf8 Bxf8 24. f5 c5 25. Qf4 b4 26. fxg6 hxg6 27. Ng5 Ne6 28. Nxe6 fxe6 29. Qf6 Re8 30. Qxg6+ 1-0

[Event "CZE-chT2B 1415"]
[Site "Czech Republic"]
[Date "2015.02.22"]
[Round "8.2"]
[White "Vaculik, Martin"]
[Black "Makevich, Pavel"]
[Result "1-0"]
[WhiteElo "2258"]
[BlackElo "2082"]
[PlyCount "127"]
[EventDate "2014.11.02"]
[EventType "team-tourn"]
[EventRounds "11"]
[EventCountry "CZE"]
[SourceTitle "EXT 2022"]
[Source "ChessBase"]
[SourceDate "2021.10.06"]
[SourceVersion "1"]
[SourceVersionDate "2021.10.06"]
[SourceQuality "1"]
[WhiteTeam "Turnov Zikuda II"]
[BlackTeam "Usti nad Labem"]
[WhiteTeamCountry "CZE"]
[BlackTeamCountry "CZE"]

1. e4 d5 2. exd5 Qxd5 3. Nc3 Qd6 4. d4 Nf6 5. g3 c6 6. Bg2 Bg4 7. Nge2 e6 8. h3 Bh5 9. a3 Nbd7 10. Bf4 Qe7 11. g4 Bg6 12. Bg3 h6 13. Qd2 Nb6 14. b3 Qd7 15. 0-0 Bd6 16. Rfd1 0-0 17. Bxd6 Qxd6 18. Ng3 Rad8 19. Nce2 e5 20. Qa5 exd4 21. Rxd4 Qb8 22. c4 Rde8 23. Qc3 Re5 24. Nf4 Bh7 25. Nfh5 Nxh5 26. Nxh5 f6 27. f4 c5 28. fxe5 cxd4 29. Qxd4 fxe5 30. Qe3 Bg6 31. Ng3 Nd7 32. Re1 Re8 33. b4 Nf6 34. g5 hxg5 35. Qxg5 Bh7 36. Nh5 Nxh5 37. Bd5+ Kh8 38. Qxh5 g6 39. Qg5 Qd6 40. Re4 Qe7 41. h4 b6 42. Kg2 Qd6 43. a4 a6 44. Rg4 Rf8 45. Qe3 b5 46. axb5 axb5 47. Rg5 Rf5 48. Qc3 bxc4 49. Bxc4 Qf6 50. Rxf5 gxf5 51. b5 f4 52. Bd5 Qg7+ 53. Kh2 Qf6 54. b6 Qxh4+ 55. Kg1 Qg4+ 56. Kf2 Qh4+ 57. Kf1 Qf6 58. b7 Qa6+ 59. Ke1 Qd6 60. Qc8+ Kg7 61. b8Q Qxd5 62. Qbb7+ Qxb7 63. Qxb7+ Kg6 64. Qe4+ 1-0

[Event "CZE-chT1W 1415"]
[Site "Czech Republic"]
[Date "2015.01.04"]
[Round "5.6"]
[White "Vaculik, Martin"]
[Black "Krejcik, Jiri"]
[Result "1/2-1/2"]
[WhiteElo "2258"]
[BlackElo "2189"]
[PlyCount "48"]
[EventDate "2014.10.19"]
[EventType "team-tourn"]
[EventRounds "11"]
[EventCountry "CZE"]
[SourceTitle "EXT 2016"]
[Source "ChessBase"]
[SourceDate "2015.10.08"]
[SourceVersion "1"]
[SourceVersionDate "2015.10.08"]
[SourceQuality "1"]
[WhiteTeam "Novoborsky II"]
[BlackTeam "Karlovy Vary"]
[WhiteTeamCountry "CZE"]
[BlackTeamCountry "CZE"]

1. e4 e5 2. Nf3 Nc6 3. Bc4 Nf6 4. d3 Be7 5. c3 d6 6. a4 Be6 7. Nbd2 0-0 8. 0-0 a6 9. Re1 Qd7 10. Nf1 Rfe8 11. Ba2 Bxa2 12. Rxa2 d5 13. Ng3 dxe4 14. dxe4 Qxd1 15. Rxd1 Rad8 16. Re1 a5 17. Kf1 Nd7 18. Nf5 Nc5 19. Ra1 f6 20. Nd2 Nd3 21. Re2 Nf4 22. Re1 Nd3 23. Re2 Nf4 24. Re1 Nd3 1/2-1/2

[Event "CZE-chT1W 1415"]
[Site "Czech Republic"]
[Date "2014.12.07"]
[Round "4.5"]
[White "Vaculik, Martin"]
[Black "Novacek, Jan"]
[Result "1/2-1/2"]
[WhiteElo "2258"]
[BlackElo "2137"]
[PlyCount "97"]
[EventDate "2014.10.19"]
[EventType "team-tourn"]
[EventRounds "11"]
[EventCountry "CZE"]
[SourceTitle "CBM 163 Extra"]
[Source "ChessBase"]
[SourceDate "2014.12.23"]
[SourceVersion "1"]
[SourceVersionDate "2014.12.23"]
[SourceQuality "1"]
[WhiteTeam "Novoborsky II"]
[BlackTeam "Unichess II"]
[WhiteTeamCountry "CZE"]
[BlackTeamCountry "CZE"]

1. e4 d5 2. exd5 Qxd5 3. Nc3 Qd6 4. d4 Nf6 5. Nge2 c6 6. a3 Na6 7. Bf4 Qd8 8. Qd2 Nc7 9. h3 Ncd5 10. Be5 e6 11. g4 Nd7 12. Bg3 Be7 13. Bg2 0-0 14. 0-0 N7f6 15. Rad1 Bd6 16. Be5 b6 17. Ng3 Ba6 18. Rfe1 Rc8 19. Nce4 Be7 20. b3 Nxe4 21. Nxe4 Nf6 22. c4 Nxe4 23. Bxe4 Bd6 24. Qc3 Qe7 25. b4 Bxe5 26. dxe5 c5 27. b5 Bb7 28. Bxb7 Qxb7 29. Rd6 Qe7 30. Red1 Rc7 31. Qe3 h6 32. Kg2 Re8 33. Kg3 Qg5 34. f4 Qe7 35. h4 g6 36. g5 h5 37. Qe4 Kg7 38. Kf3 Rb8 39. a4 Rbb7 40. Qd3 Rb8 41. Ke3 Kf8 42. Rd7 Rxd7 43. Qxd7 Qxd7 44. Rxd7 Ra8 45. Rb7 Ke8 46. Kd3 Rd8+ 47. Kc3 Rd7 48. Rxd7 Kxd7 49. Kd3 1/2-1/2

[Event "CZE-chT1W 1415"]
[Site "Czech Republic"]
[Date "2014.11.23"]
[Round "3.5"]
[White "Plesek, Jiri"]
[Black "Vaculik, Martin"]
[Result "1/2-1/2"]
[WhiteElo "2176"]
[BlackElo "2258"]
[PlyCount "51"]
[EventDate "2014.10.19"]
[EventType "team-tourn"]
[EventRounds "11"]
[EventCountry "CZE"]
[SourceTitle "CBM 163 Extra"]
[Source "ChessBase"]
[SourceDate "2014.12.23"]
[SourceVersion "1"]
[SourceVersionDate "2014.12.23"]
[SourceQuality "1"]
[WhiteTeam "Praha Pankrac"]
[BlackTeam "Novoborsky II"]
[WhiteTeamCountry "CZE"]
[BlackTeamCountry "CZE"]

1. Nf3 Nf6 2. c4 c5 3. g3 g6 4. Bg2 Bg7 5. 0-0 0-0 6. Nc3 Nc6 7. d4 cxd4 8. Nxd4 Nxd4 9. Qxd4 d6 10. Qd3 Rb8 11. Be3 b6 12. Rac1 Bb7 13. Bh3 Bc8 14. Bg2 Bb7 15. Bxb7 Rxb7 16. b3 Qd7 17. Rfd1 Qh3 18. f3 h5 19. Nd5 Rc8 20. Bg5 Qe6 21. Kg2 Kf8 22. e4 Qe5 23. Bf4 Qe6 24. h4 Nxd5 25. cxd5 Qd7 26. Rxc8+ 1/2-1/2

[Event "CZE-chT1W 1314"]
[Site "Czech Republic"]
[Date "2014.03.16"]
[Round "9.5"]
[White "Folk, Petr"]
[Black "Vaculik, Martin"]
[Result "1-0"]
[WhiteElo "2229"]
[BlackElo "2242"]
[PlyCount "71"]
[EventDate "2013.10.20"]
[EventType "team-tourn"]
[EventRounds "11"]
[EventCountry "CZE"]
[SourceTitle "EXT 2015"]
[Source "ChessBase"]
[SourceDate "2014.11.20"]
[SourceVersion "1"]
[SourceVersionDate "2014.11.20"]
[SourceQuality "1"]
[WhiteTeam "Praha Holdia II"]
[BlackTeam "Novoborsky II"]
[WhiteTeamCountry "CZE"]
[BlackTeamCountry "CZE"]

1. e4 c5 2. Nf3 e6 3. Nc3 a6 4. d4 cxd4 5. Nxd4 b5 6. Bd3 Qb6 7. Nb3 Qc7 8. 0-0 Bb7 9. f4 Nf6 10. e5 b4 11. exf6 bxc3 12. f5 gxf6 13. Bf4 Rg8 14. Rf2 Qb6 15. Bf1 cxb2 16. Rb1 e5 17. Qe2 Nc6 18. Be3 Qb4 19. c4 a5 20. Rxb2 Qa3 21. Nc1 Ba6 22. Rb3 Qa4 23. Qd1 Rd8 24. Rc2 Be7 25. Kh1 Nb4 26. Rd2 d5 27. Bb6 Rd7 28. Rg3 Rxg3 29. Qxa4 Rc3 30. Nb3 Bxc4 31. Bxc4 Rxc4 32. Qxa5 d4 33. Qb5 Rc3 34. h3 Nd5 35. Bxd4 Nc7 36. Qxd7+ 1-0

[Event "CZE-chT1W 1314"]
[Site "Czech Republic"]
[Date "2013.12.08"]
[Round "4.6"]
[White "Jezbera, Jiri"]
[Black "Vaculik, Martin"]
[Result "1/2-1/2"]
[WhiteElo "2182"]
[BlackElo "2242"]
[PlyCount "82"]
[EventDate "2013.10.20"]
[EventType "team-tourn"]
[EventRounds "11"]
[EventCountry "CZE"]
[SourceTitle "CBM 157 Extra"]
[Source "ChessBase"]
[SourceDate "2013.12.19"]
[SourceVersion "1"]
[SourceVersionDate "2013.12.19"]
[SourceQuality "1"]
[WhiteTeam "Hradec Kralove"]
[BlackTeam "Novoborsky II"]
[WhiteTeamCountry "CZE"]
[BlackTeamCountry "CZE"]

1. e4 e6 2. d4 d5 3. e5 c5 4. c3 Nc6 5. Nf3 Nh6 6. a3 cxd4 7. cxd4 Nf5 8. b4 Qb6 9. Bb2 Bd7 10. Be2 Be7 11. 0-0 0-0 12. Kh1 a6 13. Nc3 Na7 14. Na4 Bxa4 15. Qxa4 Nb5 16. Bxb5 Qxb5 17. Qxb5 axb5 18. Rac1 Rfc8 19. Rxc8+ Rxc8 20. Rc1 Rc4 21. Kg1 Kf8 22. Kf1 Ke8 23. Ke2 Nh4 24. Nxh4 Bxh4 25. g3 Bd8 26. Ke3 f6 27. exf6 Bxf6 28. Rxc4 dxc4 29. Ke4 Kd7 30. Bc3 Bg5 31. f4 Bf6 32. h4 Ke7 33. Be1 Kd6 34. Bc3 g6 35. Be1 Bd8 36. Bc3 Bb6 37. g4 h5 38. g5 Bc7 39. Be1 Kc6 40. Bc3 Bd6 41. Bd2 Bc7 1/2-1/2

[Event "CZE-chT1W 1213"]
[Site "Czech Republic"]
[Date "2013.04.07"]
[Round "10.5"]
[White "Jacek, Martin"]
[Black "Vaculik, Martin"]
[Result "1-0"]
[WhiteElo "2226"]
[BlackElo "2277"]
[PlyCount "79"]
[EventDate "2012.10.28"]
[EventType "team-tourn"]
[EventRounds "11"]
[EventCountry "CZE"]
[SourceTitle "EXT 2014"]
[Source "ChessBase"]
[SourceDate "2013.11.20"]
[SourceVersion "1"]
[SourceVersionDate "2013.11.20"]
[SourceQuality "1"]
[WhiteTeam "Vysehrad"]
[BlackTeam "Novoborsky II"]
[WhiteTeamCountry "CZE"]
[BlackTeamCountry "CZE"]

1. e4 e6 2. d4 d5 3. e5 c5 4. c3 Nc6 5. Nf3 Nh6 6. a3 cxd4 7. cxd4 Nf5 8. Nc3 Be7 9. b4 Bd7 10. Bb2 f6 11. Bd3 g6 12. Bxf5 gxf5 13. exf6 Bxf6 14. 0-0 0-0 15. Re1 Ne7 16. Ne2 Ng6 17. Nc1 Qb6 18. Nd3 Bb5 19. Nc5 Rfe8 20. a4 Bc4 21. Nd7 Qd8 22. Nxf6+ Qxf6 23. Ra3 Rac8 24. Ne5 Rc7 25. Qh5 Qh4 26. Qxh4 Nxh4 27. Rg3+ Ng6 28. Nxg6 hxg6 29. Rxg6+ Kf7 30. Rh6 Rce7 31. Bc1 Rg8 32. Bf4 Rg6 33. Rh5 b6 34. Be5 Bb3 35. Rh7+ Ke8 36. Rh8+ Kf7 37. Re3 Bxa4 38. Reh3 Rg8 39. R3h7+ Kg6 40. Rxe7 1-0

[Event "CZE-chT1W 1213"]
[Site "Czech Republic"]
[Date "2013.01.27"]
[Round "6.4"]
[White "Kraus, Tomas"]
[Black "Vaculik, Martin"]
[Result "1-0"]
[WhiteElo "2290"]
[BlackElo "2277"]
[PlyCount "101"]
[EventDate "2012.10.28"]
[EventType "team-tourn"]
[EventRounds "11"]
[EventCountry "CZE"]
[SourceTitle "EXT 2014"]
[Source "ChessBase"]
[SourceDate "2013.11.20"]
[SourceVersion "1"]
[SourceVersionDate "2013.11.20"]
[SourceQuality "1"]
[WhiteTeam "Hradec Kralove"]
[BlackTeam "Novoborsky II"]
[WhiteTeamCountry "CZE"]
[BlackTeamCountry "CZE"]

1. Nf3 Nf6 2. c4 g6 3. Nc3 c5 4. g3 b6 5. Bg2 Bb7 6. 0-0 Bg7 7. Re1 0-0 8. e4 d6 9. d4 cxd4 10. Nxd4 Qc8 11. b3 Nc6 12. Bb2 Nxd4 13. Qxd4 Re8 14. Nd5 Bxd5 15. cxd5 Qd7 16. Bf1 Rec8 17. Qd2 h5 18. Ba6 Rc7 19. Rac1 Rxc1 20. Qxc1 Rd8 21. Kg2 h4 22. f3 hxg3 23. hxg3 e6 24. dxe6 Qxe6 25. Bc4 Qe7 26. a4 Nh5 27. Bxg7 Kxg7 28. Qe3 Rh8 29. Qd4+ Nf6 30. Rd1 Qe5 31. Qxd6 Qh5 32. Kf2 Qh2+ 33. Ke3 Rh3 34. Qe7 Qb2 35. Qxf7+ Kh6 36. Qf8+ Kh7 37. Qf7+ Kh6 38. Qf8+ Kh7 39. Qe7+ Kh6 40. Rd2 Qc3+ 41. Rd3 Qa1 42. Qf8+ Kh7 43. Rd8 Qc1+ 44. Kd3 Qd1+ 45. Kc3 Nxe4+ 46. fxe4 Rxg3+ 47. Kb4 Qe1+ 48. Kb5 Rg5+ 49. Bd5 Qe2+ 50. Kc6 Qc2+ 51. Kb7 1-0

[Event "CZE-chT1W 1213"]
[Site "Czech Republic"]
[Date "2012.12.09"]
[Round "4.6"]
[White "Suran, Jan"]
[Black "Vaculik, Martin"]
[Result "1-0"]
[WhiteElo "2360"]
[BlackElo "2277"]
[PlyCount "71"]
[EventDate "2012.10.28"]
[EventType "team-tourn"]
[EventRounds "11"]
[EventCountry "CZE"]
[SourceTitle "EXT 2014"]
[Source "ChessBase"]
[SourceDate "2013.11.20"]
[SourceVersion "1"]
[SourceVersionDate "2013.11.20"]
[SourceQuality "1"]
[WhiteTeam "Lysa nad Labem II"]
[BlackTeam "Novoborsky II"]
[WhiteTeamCountry "CZE"]
[BlackTeamCountry "CZE"]

1. e4 e6 2. d4 d5 3. Nd2 Nf6 4. e5 Nfd7 5. c3 c5 6. Bd3 Nc6 7. Ne2 cxd4 8. cxd4 f6 9. exf6 Qxf6 10. Nf3 h6 11. 0-0 Bd6 12. Ng3 0-0 13. Bc2 Rf7 14. Nh5 Qd8 15. Re1 Nf8 16. Bd2 Bd7 17. Bc3 Rc8 18. a3 a6 19. Ng3 Be8 20. Qe2 Rf4 21. Rad1 g5 22. Qe3 b5 23. Bb1 a5 24. Ne2 b4 25. axb4 axb4 26. Bd2 Rf7 27. h3 Bb8 28. Nc1 Qc7 29. Nb3 Rf4 30. Rc1 Bh5 31. Ne5 Qd6 32. Nxc6 Re4 33. Qg3 Rxe1+ 34. Bxe1 Qxc6 35. Rxc6 Bxg3 36. Rxc8 1-0

[Event "CZE-chT1W 1213"]
[Site "Czech Republic"]
[Date "2012.11.11"]
[Round "2.6"]
[White "Janda, Jiri"]
[Black "Vaculik, Martin"]
[Result "1-0"]
[WhiteElo "2192"]
[BlackElo "2277"]
[PlyCount "61"]
[EventDate "2012.10.28"]
[EventType "team-tourn"]
[EventRounds "11"]
[EventCountry "CZE"]
[SourceTitle "CBM 151 Extra"]
[Source "ChessBase"]
[SourceDate "2012.12.18"]
[SourceVersion "1"]
[SourceVersionDate "2012.12.18"]
[SourceQuality "1"]
[WhiteTeam "Praha Kobylisy"]
[BlackTeam "Novoborsky II"]
[WhiteTeamCountry "CZE"]
[BlackTeamCountry "CZE"]

1. e4 e6 2. d4 d5 3. Nc3 Bb4 4. e5 c5 5. Bd2 Ne7 6. Nb5 Bxd2+ 7. Qxd2 0-0 8. f4 a6 9. Nd6 cxd4 10. Nf3 Nbc6 11. Bd3 f6 12. 0-0 Bd7 13. Qf2 h6 14. Qg3 b5 15. Nh4 Be8 16. Rae1 Nb4 17. f5 Nxd3 18. cxd3 fxe5 19. Qxe5 Rf6 20. fxe6 Nc6 21. Qxd5 Rxf1+ 22. Rxf1 Nb4 23. Qxd4 Nc2 24. Qf4 Qe7 25. Nxe8 Rxe8 26. Qf7+ Kh7 27. Qg6+ Kh8 28. Nf5 Qa7+ 29. Kh1 Rf8 30. Rc1 Rf6 31. e7 1-0

[Event "CZE-chT1W 1213"]
[Site "Czech Republic"]
[Date "2012.10.28"]
[Round "1.6"]
[White "Vaculik, Martin"]
[Black "Bostl, Frantisek"]
[Result "1-0"]
[WhiteElo "2277"]
[BlackElo "2209"]
[PlyCount "53"]
[EventDate "2012.10.28"]
[EventType "team-tourn"]
[EventRounds "11"]
[EventCountry "CZE"]
[SourceTitle "EXT 2013"]
[Source "ChessBase"]
[SourceDate "2012.11.22"]
[SourceVersion "1"]
[SourceVersionDate "2012.11.22"]
[SourceQuality "1"]
[WhiteTeam "Novoborsky II"]
[BlackTeam "Ceske Budejovice"]
[WhiteTeamCountry "CZE"]
[BlackTeamCountry "CZE"]

1. e4 Nc6 2. Nf3 d5 3. exd5 Qxd5 4. Nc3 Qh5 5. Nb5 Kd8 6. d4 a6 7. Nc3 Bg4 8. Be2 Nf6 9. h3 Ke8 10. Bf4 Bxf3 11. Bxf3 Qa5 12. 0-0 Rd8 13. d5 Nb4 14. Bd2 Qc5 15. Na4 Qd6 16. c4 b5 17. c5 Qd7 18. Bxb4 bxa4 19. c6 Qf5 20. Qxa4 Nxd5 21. Rad1 e6 22. Bxd5 Rxd5 23. Rxd5 Qxd5 24. Bxf8 Rxf8 25. Rd1 Qe5 26. Qb4 Qb5 27. Rd8+ 1-0

[Event "CZE-chT rap"]
[Site "Pardubice"]
[Date "2012.07.14"]
[Round "5.4"]
[White "Pokorny, Petr"]
[Black "Vaculik, Martin"]
[Result "1/2-1/2"]
[WhiteElo "2228"]
[BlackElo "2270"]
[PlyCount "47"]
[EventDate "2012.07.12"]
[EventType "team-swiss"]
[EventRounds "7"]
[EventCountry "CZE"]
[SourceTitle "EXT 2013"]
[Source "ChessBase"]
[SourceDate "2012.11.22"]
[SourceVersion "1"]
[SourceVersionDate "2012.11.22"]
[SourceQuality "1"]

1. d4 e6 2. Nf3 Nf6 3. Bf4 d5 4. e3 Be7 5. h3 Nbd7 6. Bd3 c5 7. c3 Ne4 8. Nbd2 Ndf6 9. 0-0 0-0 10. Qc2 Nxd2 11. Nxd2 h6 12. dxc5 Bxc5 13. e4 d4 14. Nb3 b6 15. cxd4 Bxd4 16. Bc7 Qd7 17. e5 Ne8 18. Bh7+ Kh8 19. Be4 Qxc7 20. Qxc7 Nxc7 21. Bxa8 Bxb2 22. Rab1 Bxe5 23. Bf3 Nb5 24. Rfe1 1/2-1/2

[Event "CZE-chT1W 1112"]
[Site "Czech Republic"]
[Date "2011.10.30"]
[Round "2.5"]
[White "Vokoun, Jan"]
[Black "Vaculik, Martin"]
[Result "1/2-1/2"]
[WhiteElo "2161"]
[BlackElo "2247"]
[PlyCount "44"]
[EventDate "2011.10.02"]
[EventType "team-tourn"]
[EventRounds "11"]
[EventCountry "CZE"]
[SourceTitle "EXT 2012"]
[Source "ChessBase"]
[SourceDate "2011.11.24"]
[SourceVersion "1"]
[SourceVersionDate "2011.11.24"]
[SourceQuality "1"]
[WhiteTeam "Pankrac"]
[BlackTeam "Novoborsky II"]
[WhiteTeamCountry "CZE"]
[BlackTeamCountry "CZE"]

1. Nf3 c5 2. b3 b6 3. c4 Bb7 4. Bb2 d6 5. d4 cxd4 6. Qxd4 Nf6 7. Nc3 g6 8. e3 Bg7 9. Be2 Nbd7 10. 0-0 0-0 11. Qd1 Rc8 12. Rc1 Re8 13. Nd4 Qc7 14. Bf3 Ne5 15. Bxb7 Qxb7 16. Qe2 a6 17. f4 Ned7 18. Qf3 Qxf3 19. gxf3 e5 20. fxe5 dxe5 21. Nc2 Nc5 22. Rcd1 Rcd8 1/2-1/2

[Event "CZE-chT1W 1112"]
[Site "Czech Republic"]
[Date "2011.10.02"]
[Round "1.4"]
[White "Orsag, Milan1111"]
[Black "Vaculik, Martin"]
[Result "1/2-1/2"]
[WhiteElo "2039"]
[BlackElo "2247"]
[PlyCount "82"]
[EventDate "2011.10.02"]
[EventType "team-tourn"]
[EventRounds "11"]
[EventCountry "CZE"]
[SourceTitle "EXT 2012"]
[Source "ChessBase"]
[SourceDate "2011.11.24"]
[SourceVersion "1"]
[SourceVersionDate "2011.11.24"]
[SourceQuality "1"]
[WhiteTeam "Praha Mahrla"]
[BlackTeam "Novoborsky II"]
[WhiteTeamCountry "CZE"]
[BlackTeamCountry "CZE"]

1. d4 d5 2. Nf3 Nf6 3. c4 dxc4 4. e3 e6 5. Bxc4 c5 6. 0-0 a6 7. Bb3 cxd4 8. exd4 Nc6 9. Nc3 Be7 10. Re1 0-0 11. Be3 Na5 12. Bc2 b5 13. Qd3 Bb7 14. Bg5 g6 15. Rad1 Nc4 16. Bc1 Rc8 17. Qe2 Nb6 18. Bh6 Re8 19. Ne5 Qd6 20. f3 Bf8 21. Bg5 Bg7 22. Bb3 b4 23. Na4 Nxa4 24. Bxa4 Red8 25. Qd2 Rc7 26. Bb3 Bd5 27. Bxd5 exd5 28. Rc1 Rdc8 29. Rxc7 Rxc7 30. Ng4 Rc8 31. Nh6+ Kf8 32. Bf4 Qb6 33. Be5 Nh5 34. Ng4 f6 35. Bf4 Nxf4 36. Qxf4 Kg8 37. b3 h5 38. Nf2 f5 39. Rd1 Rc2 40. Qe3 Kh7 41. Nh3 Bf6 1/2-1/2

[Event "CZE-chT2C 1011"]
[Site "Czech Republic"]
[Date "2011.02.06"]
[Round "7.2"]
[White "Stastny, Jan"]
[Black "Vaculik, Martin"]
[Result "1-0"]
[WhiteElo "2249"]
[BlackElo "2281"]
[PlyCount "67"]
[EventDate "2010.10.17"]
[EventType "team-tourn"]
[EventRounds "11"]
[EventCountry "CZE"]
[SourceTitle "EXT 2012"]
[Source "ChessBase"]
[SourceDate "2011.11.24"]
[SourceVersion "1"]
[SourceVersionDate "2011.11.24"]
[SourceQuality "1"]
[WhiteTeam "Vlasim"]
[BlackTeam "Turnov Zikuda II"]
[WhiteTeamCountry "CZE"]
[BlackTeamCountry "CZE"]

1. e4 c5 2. Nf3 e6 3. d4 cxd4 4. Nxd4 a6 5. Nc3 b5 6. Bd3 Bb7 7. 0-0 d6 8. Re1 Nf6 9. a4 bxa4 10. Nd5 Nbd7 11. f4 Nc5 12. Nxf6+ gxf6 13. Qh5 Qd7 14. b4 axb3 15. Nxb3 Rc8 16. Nxc5 Rxc5 17. Qe2 Qc8 18. Be3 Rc6 19. Qh5 Be7 20. Ra2 d5 21. exd5 exd5 22. Bd4 Re6 23. Rxe6 Qxe6 24. Ra1 a5 25. Rb1 Ba6 26. Bxa6 Qxa6 27. Rb8+ Bd8 28. Qxd5 0-0 29. Rxd8 Qe2 30. Rxf8+ Kxf8 31. Qd8+ Kg7 32. Qxf6+ Kf8 33. Bc5+ Kg8 34. Qg5+ 1-0

[Event "CZE-chT2C 1011"]
[Site "Czech Republic"]
[Date "2011.01.23"]
[Round "6.2"]
[White "Vaculik, Martin"]
[Black "Vorobyov, Yurij"]
[Result "0-1"]
[WhiteElo "2281"]
[BlackElo "2234"]
[PlyCount "108"]
[EventDate "2010.10.17"]
[EventType "team-tourn"]
[EventRounds "11"]
[EventCountry "CZE"]
[SourceTitle "EXT 2012"]
[Source "ChessBase"]
[SourceDate "2011.11.24"]
[SourceVersion "1"]
[SourceVersionDate "2011.11.24"]
[SourceQuality "1"]
[WhiteTeam "Turnov Zikuda II"]
[BlackTeam "Pardubice Bohemia"]
[WhiteTeamCountry "CZE"]
[BlackTeamCountry "CZE"]

1. e4 c5 2. Nc3 a6 3. Nge2 b5 4. g4 Bb7 5. Bg2 b4 6. Na4 e5 7. Ng3 d6 8. c3 Nc6 9. d3 g6 10. 0-0 Bh6 11. f4 Bxf4 12. Bxf4 exf4 13. Rxf4 Qg5 14. Qf1 Nh6 15. Nb6 Rd8 16. Nd5 0-0 17. Qe2 Ne5 18. Nf6+ Kh8 19. Raf1 Bc8 20. h3 Be6 21. a3 bxc3 22. bxc3 Ng8 23. Nd5 h5 24. gxh5 Qxg3 25. hxg6 Nxg6 26. Qh5+ Kg7 27. R1f3 Qe1+ 28. Kh2 Bxd5 29. Qxd5 Nxf4 30. Rxf4 Ne7 31. Qg5+ Ng6 32. Qf6+ Kh7 33. Rf5 Qh4 34. Qxh4+ Nxh4 35. Rh5+ Kg7 36. Rxh4 Rb8 37. d4 Rb3 38. e5 cxd4 39. Rg4+ Kh6 40. cxd4 dxe5 41. dxe5 Rxa3 42. Bd5 Re3 43. Ra4 Rxe5 44. Rxa6+ Kg5 45. Bg2 f5 46. Kg3 f4+ 47. Kf2 Rb8 48. Bf3 Rb2+ 49. Kf1 Re3 50. Bg4 Rc3 51. Ra1 Kh4 52. Kg1 Kg3 53. Kh1 Rh2+ 54. Kg1 f3 0-1

[Event "CZE-chT1W 1011"]
[Site "Czech Republic"]
[Date "2011.01.16"]
[Round "6.5"]
[White "Chalupa, Ivan"]
[Black "Vaculik, Martin"]
[Result "1-0"]
[WhiteElo "2161"]
[BlackElo "2281"]
[PlyCount "67"]
[EventDate "2010.10.10"]
[EventType "team-tourn"]
[EventRounds "11"]
[EventCountry "CZE"]
[SourceTitle "EXT 2012"]
[Source "ChessBase"]
[SourceDate "2011.11.24"]
[SourceVersion "1"]
[SourceVersionDate "2011.11.24"]
[SourceQuality "1"]
[WhiteTeam "Praha Vysehrad"]
[BlackTeam "Novoborsky II"]
[WhiteTeamCountry "CZE"]
[BlackTeamCountry "CZE"]

1. e4 e6 2. d4 d5 3. Nd2 a6 4. Ngf3 Nf6 5. e5 Nfd7 6. Bd3 c5 7. c3 Nc6 8. Bb1 g5 9. h3 Be7 10. Qe2 cxd4 11. cxd4 b6 12. a3 a5 13. Bd3 h5 14. Nb1 Ndb8 15. Nc3 Ba6 16. Nb5 Kd7 17. Be3 g4 18. Nd2 Bg5 19. Bxg5 Qxg5 20. hxg4 Ke7 21. Nf3 Qxg4 22. 0-0-0 Nd7 23. Rh4 Qg7 24. g3 Rac8 25. Kb1 Bxb5 26. Bxb5 Rc7 27. Rdh1 Na7 28. Bd3 b5 29. Rxh5 Rxh5 30. Rxh5 Nb6 31. Qe3 Nc6 32. Qf4 Nd8 33. Rh7 Qf8 34. Bxb5 1-0